LEADER 01211nam a2200277 u 4500 001 000000066194 003 CaOOAMICUS 005 20070226121540.0 008 020108s1974 fr u000 u fre u 035 $a10915617 040 $aPUL$bita 100 1 $aKniazeff, Alexis.$0(OLS)http://pul/name/44409 245 12$aL'Institut Saint-Serge :$bde l'académie d'autrefois au royonnement d'aujourd'hui /$cpar Alexis Kniazeff. 260 $aParis :$bBeauchesne,$cc1974. 300 $a152 p. ;$c23 cm 490 1 $aLe point théologique ;$v14 504 $aBibliografia in nota. 650 4$aTeologia ortodossa.$0(OLS)http://pul/subject/5722 651 4$aFrancia$xStoria ecclesiastica.$0(OLS)http://pul/subject/7334 830 3$aLe point théologique ;$v14.$0(OLS)http://pul/title/10197 850 $aPUL 852 $aPUL$W1$xSL Religione 2$y84$mTheol A14 14$j85571$nBK-PRI$b $qStampati altre collocazioni$B85571$CPULBib$Z2$F85571 $H $81 941 1 $a10 961 $aINV: 86416 996 $6245$aL'Institut Saint-Serge :$bde l'académie d'autrefois au royonnement d'aujourd'hui$9(OLS)http://pul/title/87934 996 $6260$aParis :$bBeauchesne$9(OLS)http://pul/publisher/48115 LEADER 00927nam a2200217 u 4500 001 000000067053 003 CaOOAMICUS 005 20070226121638.0 008 020131s1914 it u000 u ita u 035 $a10918781 040 $aPUL(R)$bita 111 2 $aCongresso della Società Filosofica Italiana$n(4 :$d1912 :$cGenova).$0(OLS)http://pul/name/44829 245 10$aAtti del IV Congresso della Società Filosofica Italiana :$bGenova, ottobre 1912. 260 $aGenova :$bFormiggini,$c1914. 300 $a106 p. ;$c24 cm 650 4$aFilosofia$xCongressi.$0(OLS)http://pul/subject/8496 850 $aPUL 852 $aPUL$W1$xDP2 Filosofia 1$y62$m94 H 24$j86728$nBK-PRI$b $qStampati$B86728$CPULBib$Z2$F86728 $81 941 1 $a8 996 $6245$aAtti del IV Congresso della Società Filosofica Italiana :$bGenova, ottobre 1912$9(OLS)http://pul/title/88960 996 $6260$aGenova :$bFormiggini$9(OLS)http://pul/publisher/55802